000 01722cam a2200313 a 4500
999 _c7533
_d7533
001 16611200
003 KF560 SMI 2011
005 20210511102801.0
008 110114s2011 nyu 001 0 eng
010 _a 2011001736
020 _a9781408252611 (pbk.)
040 _aDLC
_cDLC
_dDLC
042 _apcc
043 _ae-uk-en
050 0 0 _aKD829
_b.S64 2011
082 0 0 _a346.4104/3
_222
100 1 _aSmith, Roger J.
_q(Roger John),
_d1948-
245 1 0 _aProperty law /
_cRoger J. Smith.
250 _a7th ed.
260 _aNew York :
_bPearson Longman,
_c2011.
300 _alxxiv, 620 p. ;
_c24 cm.
490 0 _aLongman law series
500 _aIncludes index.
505 0 _aBasic property principles -- The central concerns of property law -- Human rights -- Trusts and equitable interests -- Property interests -- The role of legislation and registration for land interests -- Original acquisition of property interests -- The transfer and creation of property interests -- Formalities : rationale and trusts -- Formalities : estoppel -- The family home -- Purchasers : general principles and the need for registration -- Purchasers : registration of title -- Successive and concurrent interests : introduction -- Joint tenancy and tenancy in common -- Trusts of land -- Successive interests -- Leases : types and requirements -- Leases : obligations and remedies -- Leases : parties and the running of covenants -- Commonhold -- Licences -- Easements and profits -- Covenants -- Mortgages.
650 0 _aReal property
_zEngland.
906 _a7
_bcbc
_corignew
_d1
_eecip
_f20
_gy-gencatlg
942 _2lcc
_cBK
_e7th
_h560
_iSMI
_kKF